Name The Green/Black Power Rangers - Statistics

General Stats
  • This quiz has been taken 1,769 times
  • The average score is 16 of 21
Answer Stats
Team Answer % Correct
Mighty Morphin Tommy Oliver
96%
Dino Thunder Tommy Oliver
96%
Mighty Morphin (1) Zack Taylor
91%
Mighty Morphin (2) Adam Park
89%
Zeo Adam Park
89%
Turbo (1) Adam Park
89%
Turbo (2) Carlos Vallerte
78%
SPD Bridge Carson
77%
Ninja Storm Cameron 'Cam' Wantanbe
77%
Space Carlos Vallerte
77%
Samurai Mike
77%
Megaforce Jake Holling
74%
Mystic Force Xander Bly
73%
RPM Ziggy Grover
73%
Wild Force Danny Delgado
71%
Time Force Trip
71%
RPM Dillon
64%
Lost Galaxy Damon Henderson
63%
Lightspeed Rescue Joel Rawlings
63%
Operation Overdrive Will Aston
60%
Alien Corcus
45%
No matching quizzes found
Score Distribution
Percent of People with Each Score
Percentile by Number Answered
Your Score History
You have not taken this quiz